Denmark Immigration By Country - Statistics

General Stats
  • This quiz has been taken 21 times
  • The average score is 23 of 30
Answer Stats
Total Country % Correct
19,440 Afghanistan
100%
49,940 Ukraine
100%
19,990 United Kingdom
100%
12,390 Italy
94%
16,690 Norway
94%
17,770 Sweden
94%
64,170 Turkey
94%
14,030 China
88%
34,460 Germany
88%
16,500 India
88%
56,870 Poland
88%
45,950 Romania
88%
13,090 Bulgaria
82%
33,880 Iraq
82%
15,450 Russia
82%
43,980 Syria
82%
25,960 Pakistan
76%
21,700 Iran
71%
14,400 Morocco
71%
21,050 Somalia
71%
15,470 Vietnam
71%
33,180 Bosnia and Herzegovina
65%
12,300 Brazil
65%
12,150 Philippines
65%
27,110 Lebanon
59%
12,900 Thailand
59%
16,800 Hungary
53%
12,710 Latvia
41%
20,890 Lithuania
41%
11,900 Sri Lanka
29%
No matching quizzes found
Score Distribution
Percent of People with Each Score
Percentile by Number Answered
Your Score History
You have not taken this quiz